Perspectivas progresistas : ley de medios : poder sin contrapesos /

Guardat en:
Dades bibliogràfiques
Altres autors: Moritz, Jürgen (edición) (edición)
Format: Llibre
Idioma:espanyol
Publicat: México : Fundación Friedrich Ebert, fecha no identificada
Etiquetes: Afegir etiqueta
Sense etiquetes, Sigues el primer a etiquetar aquest registre!

MARC

LEADER 00000nam^a2200000^a^4500
001 000597118
005 20250521000000.0
009 20260310133119.33
037 |a Acervo ITESO - Biblioteca 
041 |a ESP 
091 |a FCR. 02280 
245 0 0 |a Perspectivas progresistas :  |b ley de medios : poder sin contrapesos / 
264 1 |a México :  |b Fundación Friedrich Ebert,  |c fecha no identificada 
300 |a 1 v. [25 p.] 
336 |a texto  |b txt  |2 rdacontenido 
337 |a sin mediación  |b n  |2 rdamedio 
338 |a volumen  |b nc  |2 rdasoporte 
649 |a XX 
700 |a Moritz, Jürgen  |e (edición) 
910 |a Fondo Cristina Romo Gil 
920 |a Impresos - Libros 
930 |a Fondos Especiales 
905 |a 143 
901 |a 597303-10  |b IT2  |c ESP  |i D121043  |u 20250521 
902 |a https://opac.biblio.iteso.mx/vufind/Record/000597118